000 00491cam a2200205ua 4500
001 7949
008 150102n ii |||gr||||Z||||||hin
020 _a8186135111
040 _cMAIN
041 _ahin
082 _a891.433
100 _aGoyanka, V.,
_eAuthor.,
245 1 _aMrig-marivika
_cBy Vinudini Goyanka
250 _a1st.
260 _aBaranasi:
_bSanjay,
_c1994.
300 _a88p.
653 _aEast Indo-European & Celtic literatures
653 _aHindi novels
942 _cBK
999 _c7069
_d7069